| 000 | 00544nam a22001817a 4500 | ||
|---|---|---|---|
| 999 |
_c189507 _d189507 |
||
| 005 | 20220906104907.0 | ||
| 010 | _aB-745484 | ||
| 020 |
_a8188585106 _c495.00 |
||
| 035 | _aB-745484 | ||
| 037 | _bNavyug Sahitya | ||
| 100 | _aSharma, Seema | ||
| 245 |
_aMedicinal Plants And Herbs Of India/ _cSeema Sharma |
||
| 250 | _a1st | ||
| 260 |
_aDelhi _bNavyug Sahitya _c2021 |
||
| 270 |
_aHouse No.518,Block No.6A,Gali No.1,Karkari Road _bDelhi _e110032 |
||
| 300 |
_a167p. _c22cm(Hbk) |
||
| 942 |
_2ddc _cEN _e2021 _mSHA _h581.6340954 |
||